000 00494cam a2200145 4500500
005 20251012021625.0
041 _afre
042 _adc
100 1 0 _aRoullière, Yves
_eauthor
245 0 0 _aChristophe Langlois, DANS LE VISIBLE Gallimard, « Blanche », 2023, 144 p., 18 €.
260 _c2024.
500 _a25
786 0 _nChristus | º283 | 3 | 2024-07-01 | p. 125-126 | 0009-5834
856 4 1 _uhttps://shs.cairn.info/revue-christus-2024-3-page-125?lang=fr&redirect-ssocas=7080
999 _c1538918
_d1538918